000 00681cam a2200217 a 4500
001 13070842
005 20180221041810.0
008 030128s2004 mau f 000 0 eng
010 _a 2003041818
020 _a0205393411
040 _aDLC
_cDLC
_dDLC
041 _aeng
080 _a371.144 CAM
082 0 0 _a371.144 CAM
_221
100 _a47
101 _aEDU
245 0 0 _aHow to develop a professional portfolio :
_cDorothy M. Campbell ... [et al.].
906 _a7
_bcbc
_corignew
_d1
_eocip
_f20
_gy-gencatlg
942 _2ddc
_cBK
999 _c43015
_d43015